|
|
|
|
| LEADER |
00000nam0a2200000 4500 |
| 001 |
279523 |
| 005 |
20231101235222.0 |
| 035 |
|
|
|a (RuTPU)RU\TPU\book\302816
|
| 090 |
|
|
|a 279523
|
| 100 |
|
|
|a 20141220d1986 m y0rusy50 ca
|
| 101 |
0 |
|
|a rus
|
| 102 |
|
|
|a RU
|
| 105 |
|
|
|a a z 001zy
|
| 200 |
1 |
|
|a Изучение глубинного строения восточной части Балтийского щита и прилегающих акваторий сейсмическими методами
|f Академия наук СССР (АН СССР), Кольский научный центр (КолНЦ), Геологический институт (ГИ) ; под ред. Н. В. Шарова
|
| 210 |
|
|
|a Апатиты
|d 1986
|
| 215 |
|
|
|a 108 с.
|c ил.
|
| 320 |
|
|
|a Библиогр. в конце ст.
|
| 606 |
1 |
|
|a Земная кора
|x Строение глубинное
|2 stltpush
|3 (RuTPU)RU\TPU\subj\11791
|9 38689
|
| 606 |
1 |
|
|a Шельфы
|x Рельеф
|2 stltpush
|3 (RuTPU)RU\TPU\subj\19146
|9 44448
|
| 610 |
1 |
|
|a геология
|
| 610 |
1 |
|
|a Балтийский щит
|
| 610 |
1 |
|
|a геофизические исследования
|
| 610 |
1 |
|
|a Баренцевоморский шельф
|
| 610 |
1 |
|
|a Баренцево море
|
| 610 |
1 |
|
|a научные труды
|
| 675 |
|
|
|a 551.1
|v 3
|
| 675 |
|
|
|a 551.462.3
|v 3
|
| 702 |
|
1 |
|a Шаров
|b Н. В.
|4 340
|
| 712 |
0 |
2 |
|a Академия наук СССР (АН СССР)
|b Кольский научный центр (КолНЦ)
|b Геологический институт (ГИ)
|c (Апатиты)
|2 stltpush
|3 (RuTPU)RU\TPU\col\18176
|
| 801 |
|
1 |
|a RU
|b 63413507
|c 20141220
|
| 801 |
|
2 |
|a RU
|b 63413507
|c 20160407
|g RCR
|
| 942 |
|
|
|c BK
|